Hoạt động giáo dục hướng nghiệp 11 Sách giáo viên

সংরক্ষণ করুন:
গ্রন্থ-পঞ্জীর বিবরন
অন্যান্য লেখক: Nguyễn Thế Trường, Phạm Tất Dong (ch.b), Đặng Danh Ánh
বিন্যাস: গ্রন্থ
ভাষা:Vietnamese
প্রকাশিত: H. Giáo dục 2004
বিষয়গুলি:
ট্যাগগুলো: ট্যাগ যুক্ত করুন
কোনো ট্যাগ নেই, প্রথমজন হিসাবে ট্যাগ করুন!
Thư viện lưu trữ: Trung tâm Học liệu Lê Vũ Hùng, Trường Đại học Đồng Tháp
LEADER 01019nam a22003138a 4500
001 00026631
005 20171026081023.0
008 110816s2004 ||||||viesd
041 0 # |a vie 
082 1 4 |a 373.246  |b H411Đ 
245 0 0 |a Hoạt động giáo dục hướng nghiệp 11  |b Sách giáo viên  |c Phạm Tất Dong (ch.b.)...[và nh. ng. khác] 
260 # # |a H.  |b Giáo dục  |c 2004 
300 # # |a 108 tr.  |c 24 cm.  |b ảnh 
500 # # |a ĐTTS ghi: Bộ Giáo dục và Đào tạo 
650 # 4 |a Giáo dục hướng nghiệp 
650 # 4 |a Lớp 11 
650 # 4 |a Sách giáo viên 
650 # 4 |a Phương pháp giảng dạy 
700 1 # |a Nguyễn Thế Trường 
700 1 # |a Phạm Tất Dong  |e ch.b 
700 1 # |a Đặng Danh Ánh 
852 # # |j KD.0011186 
852 # # |b Kho đọc  |j KD.0011186 
910 |d 16/08/2011 
980 # # |a Trung tâm Học liệu Lê Vũ Hùng, Trường Đại học Đồng Tháp